Notre Père - Statistiques

Statistiques générales
  • Ce quiz a été pris 99 fois
  • Le résultat moyen est 29 sur 72
Statistiques - réponses
Réponse % Correct
Notre
100%
Père
100%
qui
100%
aux
99%
cieux !
99%
es
97%
Que
97%
sanctifié;
96%
soit
96%
ton
96%
nom
94%
que
93%
ton
90%
que
87%
soit
87%
ta
87%
vienne;
87%
volonté
87%
la
85%
règne
85%
sur
85%
terre
85%
au
84%
ciel.
84%
comme
84%
faite
84%
notre
43%
pain
41%
aujourd'hui
40%
Donne-nous
40%
Amen !
24%
nous
24%
nos
22%
pardonne-nous
21%
ceux
19%
comme
19%
nous
19%
offenses,
19%
ont
19%
qui
19%
à
18%
offensés;
18%
ne
15%
nous
15%
pas
13%
en
12%
mais
12%
tentation,
12%
délivre-nous
10%
du
10%
quotidien;
10%
aussi
9%
nous
9%
induis
6%
pardonnons
6%
à
4%
Car
3%
c'est
3%
dans
3%
et
3%
gloire
3%
la
3%
la
3%
puissance
3%
règne,
3%
toi
3%
le
1%
les
1%
malin.
1%
qu'appartiennent,
1%
siècles,
1%
tous
1%
Aucun quiz correspondant
Distribution des résultats
% des personnes avec chaque résultat
Percentile par nombre de réponses
Votre historique - résultats
Vous n’avez pas pris ce quiz